| 000 | 00945nam a22002537a 4500 | ||
|---|---|---|---|
| 005 | 20240530110705.0 | ||
| 008 | 171225s2015 ua a f b 000 0dara d | ||
| 017 |
_a2010/1857 _bمصر. دار الكتب |
||
| 020 | _a9789774798190 | ||
| 040 |
_aEG-CaGPL _cEG-CaGPL |
||
| 082 | 0 | 4 |
_221 _a723.0932/ _bق/أ م |
| 100 | 1 | _aايجنر ، ديتهلم | |
| 245 | 1 | 0 |
_aمقابر طيبة فى العصر المتاخر / _cتأليف ديتهلم ايجنر ؛ ترجمة حسن نصرالدين |
| 250 | _aط.1 | ||
| 260 |
_aالقاهرة : _bالمركز القومى للترجمة ، _c2015 . |
||
| 300 |
_a471 ص. ؛ _c24 سم. |
||
| 490 |
_aالمركز القومى للترجمة ؛ _v1732 |
||
| 650 | 0 | 7 |
_2qrmak _aالمقابر |
| 650 | 0 | 7 |
_2qrmak _aالاثار الفرعونية |
| 651 | _2qrmak | ||
| 700 | 0 |
_aحسن نصرالدين _eمترجم . |
|
| 942 |
_2ddc _cBK |
||
| 999 |
_c63906 _d63906 |
||